Lecons de sciences : observations et experiences
Saved in:
| Main Author: | |
|---|---|
| Other Authors: | |
| Format: | Book |
| Language: | French |
| Published: |
Paris :
Libraire Delagrave,
1951
|
| Subjects: | |
| Tags: |
Add Tag
No Tags, Be the first to tag this record!
|
MARC
| LEADER | 00000cam a2200000 i 4500 | ||
|---|---|---|---|
| 001 | 1/94968 | ||
| 008 | 081006s1951 fre d | ||
| 035 | |l 10100658 | ||
| 040 | |a GR-MY-UA |b gre |e aacr | ||
| 041 | 0 | |a fre | |
| 082 | 0 | |a 507.1 |2 (22) | |
| 100 | 1 | |a Pastouriaux, L. | |
| 245 | 1 | 0 | |a Lecons de sciences : |b observations et experiences / |c par L. Pastouriaux et V. Regnier |
| 260 | |a Paris : |b Libraire Delagrave, |c 1951 | ||
| 300 | |a 382 σ.; |b σχέδια, εικ.; |c 19 εκ. | ||
| 500 | |a Άνω του τίτλου: "Cours moyen et cours superieur, classes de 8e et 7e de l'enseignement secondaire" | ||
| 500 | |a "Cent seizieme mille" | ||
| 650 | 0 | 0 | |a Science |x Study and teaching. |
| 650 | 0 | 0 | |a Technology |x Study and teaching. |
| 700 | 1 | |a Regnier, V. | |
| 852 | |a INST |b RHODES |c AKA |e 20081006 |h 507.1 PAS |p 005400030604 |q 005400030604 |t BK |y 0 | ||
| 901 | |a BIBL4-2008-3 | ||
| 909 | |a Ρ |b 153132 | ||
| 970 | |a ΧΑΡΙΟΠΟΛΙΤΟΥ |b ΚΩΝΣΤΑΝΤΙΝΑ |z 2008/10/06 | ||